[Event "London Classic Open 2015"]
[Site "London ENG"]
[Date "2015.12.05"]
[Round "3.62"]
[White "Krokay, U"]
[Black "Ilfeld, E"]
[Result "1/2-1/2"]
[WhiteElo "2009"]
[BlackElo "2199"]
[EventDate "2015.12.04"]
[WhiteFideId "1125508"]
[BlackFideId "2803470"]

1.e4 e5 2.Nf3 Nc6 3.Bc4 Bc5 4.c3 Nf6 5.d3 d6 6.Bb3 O-O 7.Bg5 h6 8.Bh4 Bb6 
9.Nbd2 Ne7 10.Bxf6 gxf6 11.Nh4 Kg7 12.Qh5 Ng6 13.Nf5+ Bxf5 14.exf5 Ne7 15.
Ne4 Ng8 16.Qg4+ Kh7 17.Ng3 Ne7 18.Nh5 Rg8 19.Nxf6+ Kh8 20.Nxg8 Qxg8 21.h3 
Qh7 22.f6 Ng8 23.Qg7+ Qxg7 24.fxg7+ Kxg7 25.O-O Ne7 26.g3 f5 27.Kg2 Kf6 
28.f4 e4 29.d4 d5 30.a4 a6 31.Rad1 Rd8 32.Kf2 c6 33.Ke3 Rg8 34.Rg1 c5 35.
Rg2 cxd4+ 36.cxd4 Ke6 37.g4 h5 38.Rdg1 hxg4 39.hxg4 fxg4 40.Rxg4 Nf5+ 41.
Kd2 Ba5+ 42.Kc1 Rxg4 43.Rxg4 Nxd4 44.Bd1 e3 45.Rg5 Bd2+ 46.Kb1 e2 47.Bxe2 
Nxe2 48.Re5+ Kd6 49.Rxe2 Bxf4 50.Kc2 a5 51.Kd3 Be5 52.Rc2 b6 53.Re2 Bg7 
54.Rg2 Be5 55.b3 Kc5 56.Rg6 Bf4 57.Re6 Bh2 58.Rh6 Bg1 59.Rh4 Bf2 60.Rg4 
Kc6 61.Rf4 Bg1 62.Rf1 Bc5 63.Rc1 Kd6 64.Re1 Ba3 65.Re8 Bb2 66.Rg8 Kc6 67.
Rg6+ Kb7 68.Rg2 Be5 69.Ke3 Kc6 70.Kf3 Ba1 71.Kf4 Bd4 72.Kf5 Ba1 73.Rg1 Bb2
74.Rg2 Ba1 75.Rf2 Bc3 76.Rf3 Bb2 77.Rh3 Kc5 78.Rd3 d4 1/2-1/2

[Event "12th Vasylyshyn GM"]
[Site "Lviv UKR"]
[Date "2015.12.01"]
[Round "2.5"]
[White "Dastan, B"]
[Black "Vetoshko, V"]
[Result "1/2-1/2"]
[WhiteElo "2457"]
[BlackElo "2392"]
[EventDate "2015.11.30"]
[WhiteTitle "IM"]
[BlackTitle "IM"]
[WhiteFideId "6300014"]
[BlackFideId "14122480"]

1.e4 e5 2.Nf3 Nc6 3.Bc4 Bc5 4.O-O Nf6 5.d3 O-O 6.Bb3 d6 7.c3 a6 8.h3 Ba7 
9.Re1 Ne7 10.Nbd2 Ng6 11.Nf1 h6 12.Ng3 Re8 13.d4 c6 14.Bc2 Qc7 15.Nf5 Bxf5
16.exf5 Nf8 17.dxe5 dxe5 18.Nd2 Rad8 19.Qf3 N8d7 20.Qg3 Kf8 21.Nf1 Nd5 22.
b3 N7f6 23.Bb2 Nf4 24.Rad1 Rxd1 25.Bxd1 Qa5 26.a3 Bb8 27.Bc1 Qd5 28.Bc2 
N6h5 29.Qg4 Nf6 30.c4 Qa5 31.b4 Nxg4 32.bxa5 Nf6 33.Be3 Rd8 34.Bc5+ Kg8 
35.Rb1 Ne2+ 36.Kh1 Rd7 37.f3 Nd4 38.Ba4 Nxf5 39.Bxc6 Rc7 40.Rxb7 Rxc6 41.
Rxb8+ Kh7 42.Ne3 Rxc5 43.Nxf5 e4 44.Nd6 exf3 45.gxf3 Rxa5 46.Rb3 Rc5 47.
Kg2 Nh5 48.Rb6 Ra5 49.Rb3 Rc5 50.Rb4 Nf4+ 51.Kg3 Nd3 52.Rb3 Rg5+ 53.Kh2 
Nc5 54.Re3 f5 55.h4 f4 56.Re7 Rg3 57.Nf5 Rxf3 58.Rxg7+ Kh8 59.Rc7 Ne4 60.
Re7 Nd2 61.c5 Rc3 62.Nxh6 Rxc5 63.Kh3 f3 64.Kg3 Rc3 65.Ng4 Kg8 66.a4 Rc1 
67.Nf6+ Kf8 68.Rd7 Rg1+ 69.Kf4 f2 1/2-1/2

[Event "12th Vasylyshyn IM"]
[Site "Lviv UKR"]
[Date "2015.12.01"]
[Round "2.5"]
[White "Yurtseven, M"]
[Black "Hnydiuk, A"]
[Result "1-0"]
[WhiteElo "2307"]
[BlackElo "2361"]
[EventDate "2015.11.30"]
[WhiteTitle "FM"]
[BlackTitle "IM"]
[WhiteFideId "6312160"]
[BlackFideId "1109057"]

1.e4 e5 2.Nf3 Nc6 3.Bc4 Bc5 4.O-O d6 5.c3 Nf6 6.d3 a6 7.Bb3 Ba7 8.Nbd2 O-O
9.h3 h6 10.Re1 Be6 11.Bc2 Re8 12.Nf1 d5 13.Qe2 Qd7 14.Nh4 Rad8 15.Qf3 Nh7 
16.Qg3 Kh8 17.Ne3 Bxe3 18.Bxe3 d4 19.Bd2 g5 20.Nf3 f6 21.cxd4 Nxd4 22.Nxd4
Qxd4 23.Bc3 Qb6 24.Qe3 Qxe3 25.fxe3 Nf8 26.d4 Ng6 27.Rf1 Kg7 28.Rf2 c5 29.
dxc5 Bc4 30.Ba5 Rd7 31.b3 Bb5 32.a4 Bc6 33.b4 Rf8 34.Bb6 f5 35.exf5 Nh4 
36.e4 Ng6 37.Rb1 Rd4 38.b5 Bxe4 39.Bxe4 Rxe4 40.fxg6 1-0

[Event "12th Vasylyshyn IM"]
[Site "Lviv UKR"]
[Date "2015.12.03"]
[Round "4.4"]
[White "Yurtseven, M"]
[Black "Anwesh, U"]
[Result "1/2-1/2"]
[WhiteElo "2307"]
[BlackElo "2409"]
[EventDate "2015.11.30"]
[WhiteTitle "FM"]
[BlackTitle "IM"]
[WhiteFideId "6312160"]
[BlackFideId "5028949"]

1.e4 e5 2.Nf3 Nc6 3.Bc4 Bc5 4.O-O Nf6 5.d3 O-O 6.h3 h6 7.Re1 Re8 8.c3 Bf8 
9.Nbd2 d6 10.a4 Be6 11.a5 Bxc4 12.dxc4 Qd7 13.Nf1 Nd8 14.N3h2 Ne6 15.Ng4 
Nxg4 16.hxg4 Be7 17.b4 Bg5 18.Ne3 Qc6 19.Qd5 Nf4 20.Qxc6 bxc6 21.a6 Nd3 
22.Re2 Nxc1 23.Rxc1 Rab8 24.Ra1 Bxe3 25.Rxe3 Kf8 26.Ra5 1/2-1/2

[Event "ch-TUR 2015"]
[Site "Adana TUR"]
[Date "2015.12.06"]
[Round "9.7"]
[White "Eminov, O"]
[Black "Haznedaroglu, K"]
[Result "1/2-1/2"]
[WhiteElo "2316"]
[BlackElo "2471"]
[EventDate "2015.11.27"]
[WhiteTitle "FM"]
[BlackTitle "GM"]
[WhiteFideId "13402153"]
[BlackFideId "6300634"]

1.e4 e5 2.Nf3 Nc6 3.Bc4 Bc5 4.c3 Nf6 5.d3 d6 6.Nbd2 O-O 7.Bb3 a6 8.Nf1 Ba7
9.Ng3 h6 10.O-O Ne7 11.Be3 Ng6 12.h3 Be6 13.Bxa7 Rxa7 14.d4 Qc8 15.Re1 Re8
16.Bxe6 Qxe6 17.d5 Qd7 18.c4 a5 19.Rc1 b6 20.Re3 Nf4 21.Ne1 g6 22.Nd3 Kh7 
23.Qf3 Nxd3 24.Rxd3 Qe7 25.Qe3 Nd7 26.Rf1 Raa8 27.Ne2 Rf8 28.Nc3 Rae8 29.
Nb5 Nc5 30.Ra3 Qd8 31.b4 axb4 32.Ra7 Re7 33.Kh2 f5 34.exf5 Rxf5 35.Re1 Rg7
36.f3 h5 37.Rb1 Qh4 38.Rxb4 Rg5 39.Rb2 Qg3+ 40.Kg1 e4 41.Rxc7 Rxc7 42.Nxc7
Re5 43.Qf2 Qxf2+ 44.Rxf2 Nd3 45.Nb5 Nxf2 46.Kxf2 exf3 47.gxf3 Re8 48.Nxd6 
Ra8 49.a3 Kg7 50.Nb5 Ra4 51.Nd6 Kf8 52.Nc8 Ra6 53.Kg3 Ke8 54.Nd6+ Kd7 55.
Nf7 Rxa3 56.Kf4 Rc3 57.Kg5 Ke7 58.Ne5 Kd6 59.Kf6 Re3 60.Nf7+ Kc5 61.Ne5 h4
62.Ke6 Kd4 63.f4 Rxh3 64.d6 Ra3 65.d7 Ra8 66.Nf3+ Kxc4 67.Nxh4 b5 68.Nxg6 
b4 69.Ne7 Rh8 70.Nc6 b3 71.Na5+ Kb5 72.Nxb3 Kc6 73.Nd4+ Kc7 74.Nb5+ Kd8 
75.f5 Rh6+ 76.f6 Rxf6+ 1/2-1/2

[Event "157th MGU Open 2015"]
[Site "Sofia BUL"]
[Date "2015.12.05"]
[Round "2.4"]
[White "Petrov, Stanislav"]
[Black "Georgiev, Nikolay"]
[Result "1-0"]
[WhiteElo "1742"]
[BlackElo "1596"]
[EventDate "2015.12.05"]
[WhiteFideId "2910764"]
[BlackFideId "2925613"]
[EventType "swiss"]

1.e4 e5 2.Nf3 Nc6 3.Bc4 Nf6 4.Ng5 d5 5.exd5 Nxd5 6.d3 f6 7.Qf3 Nd4 8.Qxd5 
Qxd5 9.Bxd5 fxg5 10.Bb3 Nxb3 11.axb3 Be7 12.O-O O-O 13.Nd2 h6 14.Re1 Bf6 
15.Nc4 Re8 16.Bd2 Bf5 17.Bc3 e4 18.Ne3 Bg6 19.Bxf6 gxf6 20.Nd5 Kf7 21.Nxc7
exd3 22.Nxe8 Rxe8 23.Rxe8 Kxe8 24.cxd3 Bxd3 25.Rxa7 Be4 26.f3 Bc6 27.Kf2 
Kf7 28.Ke3 Kg6 29.Ra4 h5 30.Kd4 g4 31.Ke3 gxf3 32.gxf3 Kg5 33.h4+ Kf5 34.
Ra5+ Kg6 35.Rc5 f5 36.Rxc6+ bxc6 37.Kd4 Kf6 38.Kc5 1-0

[Event "TCh-CZE Extraliga 2015-16"]
[Site "Czech Republic CZE"]
[Date "2015.12.06"]
[Round "4.2"]
[White "Nguyen, Thai Dai Van"]
[Black "Malinovsky, K"]
[Result "1-0"]
[WhiteElo "2399"]
[BlackElo "2456"]
[EventDate "2015.11.07"]
[WhiteTitle "FM"]
[BlackTitle "IM"]
[WhiteTeam "SK mesta Lysa nad Labem B"]
[BlackTeam "SK Slavoj Poruba"]
[WhiteFideId "358878"]
[BlackFideId "313874"]

1.e4 e5 2.Nf3 Nc6 3.Bc4 Nf6 4.Ng5 d5 5.exd5 Na5 6.Bb5+ c6 7.dxc6 bxc6 8.
Bd3 Ng4 9.Ne4 f5 10.Be2 h5 11.h3 fxe4 12.hxg4 Bc5 13.b4 Qd4 14.bxc5 O-O 
15.O-O Qxa1 16.Nc3 e3 17.gxh5 exf2+ 18.Rxf2 Rxf2 19.Kxf2 Be6 20.Ba3 Rf8+ 
21.Ke1 Qxd1+ 22.Bxd1 Rf4 23.d3 Rh4 24.Bf3 Bf7 25.g3 Rh2 26.Bb4 Nb7 27.Bxc6
a5 28.Ba3 Rxc2 29.Bxb7 Rxc3 30.c6 Bd5 31.Bb2 Rc2 32.Bxe5 Bxc6 33.Bxc6 Rxc6
34.Kd2 Rc5 35.d4 Rc4 36.Kd3 Ra4 37.d5 Kf7 38.d6 Ke6 39.Bxg7 Rxa2 40.h6 Rh2
41.Ke4 a4 42.d7 Kxd7 43.Kf5 a3 44.g4 a2 45.Kg6 Rh1 46.h7 1-0

[Event "TCh-CZE Extraliga 2015-16"]
[Site "Czech Republic CZE"]
[Date "2015.12.06"]
[Round "4.6"]
[White "Swiercz, D"]
[Black "Biolek, R1"]
[Result "1-0"]
[WhiteElo "2634"]
[BlackElo "2435"]
[EventDate "2015.11.07"]
[WhiteTitle "GM"]
[BlackTitle "IM"]
[WhiteTeam "AD Mahrla Praha"]
[BlackTeam "TZ Trinec"]
[WhiteFideId "1126881"]
[BlackFideId "319996"]

1.e4 e5 2.Nf3 Nc6 3.Bc4 Bc5 4.c3 Nf6 5.d3 O-O 6.O-O d5 7.exd5 Nxd5 8.h3 
Nb6 9.Bb5 f6 10.Nbd2 Bf5 11.d4 exd4 12.Bxc6 bxc6 13.Nb3 Qd5 14.Nxc5 Qxc5 
15.Nxd4 Qd5 16.Bf4 Rac8 17.b3 c5 18.Nb5 Qb7 19.c4 a6 20.Nc3 Rcd8 21.Qc1 
Rd3 22.Rd1 Rfd8 23.Rxd3 Rxd3 24.Qe1 Qc6 25.Rd1 Rd4 26.Bxc7 Rxd1 27.Nxd1 
Nc8 28.Nc3 Kf7 29.Bf4 Nb6 30.Qd2 Qd7 31.Qe3 Qd4 32.g4 Bd3 33.Qd2 Bg6 34.
Be3 Qxd2 35.Bxd2 Ke6 36.f4 f5 37.Kf2 h5 38.g5 Kd6 39.Nd1 Bf7 40.Ba5 Nd7 
41.Ke3 g6 42.Nf2 Kc6 43.Nd3 Kb7 44.Kd2 Bg8 45.Kc3 Bf7 46.Bd8 Bg8 47.Kb2 
Bf7 48.Ka3 Be8 49.Be7 Kb6 50.h4 a5 51.Nb2 Nb8 52.Bd8+ Ka6 53.Nd3 Nd7 54.
Bc7 Bf7 55.Nb2 Nf8 56.Na4 Ne6 57.Bd6 Nd4 58.Nxc5+ Ka7 59.Nd3 Nf3 1-0

[Event "TCh-HUN 2015-16"]
[Site "Hungary HUN"]
[Date "2015.11.29"]
[Round "3.1"]
[White "Borocz, I1"]
[Black "Vajda, Le"]
[Result "0-1"]
[WhiteElo "2374"]
[BlackElo "2566"]
[EventDate "2015.11.07"]
[WhiteTitle "IM"]
[BlackTitle "GM"]
[WhiteTeam "HUSI SC"]
[BlackTeam "Z.Csuti-Hydrocomp SK"]
[WhiteFideId "703036"]
[BlackFideId "1203975"]
[EventType "team-tourn"]

1.e4 e5 2.Nf3 Nc6 3.Bc4 Bc5 4.d3 Nf6 5.O-O O-O 6.c3 d5 7.exd5 Nxd5 8.b4 
Be7 9.Re1 Bf6 10.Bg5 Bxg5 11.Nxg5 Nf4 12.Ne4 Be6 13.Bxe6 Nxe6 14.Na3 Qd5 
15.Qb3 Rad8 16.Rad1 Nf4 17.g3 Qxb3 18.axb3 Nd5 19.Rc1 Rfe8 20.Nc4 f6 21.
Kf1 Nce7 22.Ke2 Nc8 23.Rc2 Nd6 24.Nexd6 cxd6 25.Ne3 Nc7 26.Ra1 a6 27.d4 d5
28.dxe5 fxe5 29.Kf1 Kf7 30.Rd1 h5 31.Rcd2 Ke6 32.Kg2 g5 33.c4 d4 34.Nc2 
Kf5 35.h3 Ne6 36.Ne1 e4 37.Nc2 Ke5 38.Kg1 d3 39.Ne3 Nd4 40.Rb2 Nc6 41.b5 
axb5 42.cxb5 Nd4 43.b6 Re6 44.Ra1 Kf6 45.Nc4 Rc8 46.Ra4 g4 47.Kg2 Nf3 48.
Ra5 Rxb6 49.Rxh5 Rxc4 50.Rh6+ Ke5 51.Rxb6 Rc2 52.Rb5+ Kd6 53.Rb6+ Kc7 54.
Rxc2+ dxc2 55.Rb4 b5 0-1

[Event "TCh-HUN 2015-16"]
[Site "Hungary HUN"]
[Date "2015.11.29"]
[Round "3.6"]
[White "Nevednichy, V"]
[Black "Kozak, Adam"]
[Result "1/2-1/2"]
[WhiteElo "2569"]
[BlackElo "2348"]
[EventDate "2015.11.07"]
[WhiteTitle "GM"]
[BlackTitle "FM"]
[WhiteTeam "ASE Paks"]
[BlackTeam "Budapesti Titanok"]
[WhiteFideId "1205730"]
[BlackFideId "753246"]
[EventType "team-tourn"]

1.e4 e5 2.Bc4 Nc6 3.Nf3 Bc5 4.c3 Nf6 5.d3 a6 6.O-O Ba7 7.Nbd2 O-O 8.h3 d6 
9.Bb3 Be6 10.Re1 Bxb3 11.axb3 d5 12.Qe2 dxe4 13.dxe4 Nh5 14.Nf1 Qf6 15.g3 
Qe6 16.Ng5 Qg6 17.g4 Nf4 18.Bxf4 exf4 19.Nf3 Rfe8 20.Rad1 Bb6 21.b4 h5 22.
N1h2 hxg4 23.hxg4 Ne5 24.Rd5 Qf6 25.Red1 Ng6 26.Rf5 Qc6 27.Rfd5 Qf6 28.e5 
Qe7 29.Rd7 Qf8 30.Qe4 a5 31.Qd5 axb4 32.cxb4 Re7 33.Qxb7 Rae8 34.Qe4 Nxe5 
35.Rxe7 Qxe7 36.Qxf4 Nxf3+ 37.Qxf3 Qxb4 38.Rd7 Qc4 39.Kg2 Qe6 40.Rd2 Bc5 
41.Nf1 Bd6 42.b3 Rb8 43.Rd3 Qh6 44.Qf5 g6 45.Qd7 Qg5 46.Rf3 Rf8 47.Ne3 Qe5
48.Qc6 Re8 49.Qc4 Re7 50.Kf1 Qa1+ 51.Kg2 Qe5 52.Rh3 Kg7 53.Qd3 Qe4+ 54.
Qxe4 1/2-1/2

[Event "54th TCh-DEN Ex 2015-16"]
[Site "Denmark DEN"]
[Date "2015.10.31"]
[Round "1"]
[White "Vinter Schou, U"]
[Black "Palm, N"]
[Result "0-1"]
[WhiteElo "2374"]
[BlackElo "2347"]
[EventDate "2015.10.31"]
[WhiteTitle "IM"]
[BlackTitle "FM"]
[WhiteTeam "Arhus/Skolerne 1"]
[BlackTeam "Bronshoj 1"]
[WhiteFideId "1400568"]
[BlackFideId "1402145"]

1.e4 e5 2.Nf3 Nc6 3.Bc4 Bc5 4.c3 d6 5.d4 exd4 6.cxd4 Bb6 7.O-O Nf6 8.Nc3 
Bg4 9.Be3 O-O 10.Bb3 Re8 11.Qd3 Bh5 12.Rfe1 h6 13.Rac1 Bg6 14.d5 Bxe3 15.
Rxe3 Ne5 16.Nxe5 Rxe5 17.f4 Re7 18.Qd4 c5 19.dxc6 bxc6 20.f5 Bh7 21.Ne2 c5
22.Qd3 Qb6 23.Nf4 Rae8 24.Kh1 Bxf5 25.Nd5 Nxd5 26.Bxd5 Qxb2 27.Rf1 Bg6 28.
Qa6 Qe5 29.Bc6 Rf8 30.Qc4 Kh7 31.Bd5 Rb8 32.a3 Rb2 33.Rb3 Rxb3 34.Qxb3 
Bxe4 35.Bxf7 d5 36.Qb5 c4 37.Qc5 Qg5 38.Qg1 c3 0-1

[Event "54th TCh-DEN Ex 2015-16"]
[Site "Denmark DEN"]
[Date "2015.11.01"]
[Round "2"]
[White "Grubert, C"]
[Black "Schou Moldt, T"]
[Result "1/2-1/2"]
[WhiteElo "2155"]
[BlackElo "2144"]
[EventDate "2015.10.31"]
[WhiteTeam "Jetsmark 1"]
[BlackTeam "Obro 1"]
[WhiteFideId "1406744"]
[BlackFideId "1401297"]

1.e4 e5 2.Nf3 Nc6 3.Bc4 Nf6 4.d3 Bc5 5.O-O d6 6.c3 a6 7.Be3 O-O 8.a3 Ba7 
9.Nbd2 d5 10.exd5 Nxd5 11.Bxa7 Rxa7 12.Re1 b5 13.Ba2 Nf6 14.Nxe5 Nxe5 15.
Rxe5 Qxd3 16.Nf3 1/2-1/2

[Event "54th TCh-DEN Ex 2015-16"]
[Site "Denmark DEN"]
[Date "2015.12.06"]
[Round "3"]
[White "Hansen, SoB"]
[Black "Palm, N"]
[Result "1/2-1/2"]
[WhiteElo "2263"]
[BlackElo "2347"]
[EventDate "2015.10.31"]
[WhiteTitle "FM"]
[BlackTitle "FM"]
[WhiteTeam "Obro 1"]
[BlackTeam "Bronshoj 1"]
[WhiteFideId "1400681"]
[BlackFideId "1402145"]

1.e4 e5 2.Bc4 Nc6 3.Nf3 Bc5 4.c3 d6 5.O-O Nf6 6.d3 Bg4 7.Re1 a6 8.Bb3 h6 
9.Nbd2 O-O 10.h3 Be6 11.Nf1 Qd7 12.Bc2 Ba7 13.Ng3 Rad8 14.d4 exd4 15.Nxd4 
Nxd4 16.cxd4 d5 17.e5 Ne4 18.Qf3 f5 19.Qd3 Qb5 20.Ne2 c5 21.Be3 Qxd3 22.
Bxd3 c4 23.Bc2 Ng5 24.Nf4 Bc8 25.h4 Ne6 26.Nxe6 Bxe6 27.g3 Rb8 28.a4 Rf7 
29.Ra2 Rc8 1/2-1/2

[Event "54th TCh-DEN Ex 2015-16"]
[Site "Denmark DEN"]
[Date "2015.12.06"]
[Round "3"]
[White "Holmsgaard, H"]
[Black "Simonsen, Carsten"]
[Result "1-0"]
[WhiteElo "2243"]
[BlackElo "2217"]
[EventDate "2015.10.31"]
[WhiteTeam "Bronshoj 1"]
[BlackTeam "Obro 1"]
[WhiteFideId "1400452"]
[BlackFideId "1439898"]

1.e4 e5 2.Nf3 Nc6 3.Bc4 Nf6 4.d3 Bc5 5.c3 a6 6.Bb3 Ba7 7.h3 d5 8.Qe2 dxe4 
9.dxe4 Qe7 10.Nbd2 Be6 11.Bc2 O-O 12.Nf1 Nh5 13.g3 g6 14.Bh6 Rfe8 15.Ng5 
Rad8 16.Nxe6 fxe6 17.Ne3 Rd7 18.O-O Red8 19.Qg4 Nf6 20.Qh4 Bxe3 21.Bxe3 
Rf8 22.b4 Ne8 23.Bg5 Qf7 24.f4 Rd2 25.Bb3 Qd7 26.f5 Qd3 27.Bxe6+ Kh8 28.
fxg6 Rg2+ 29.Kxg2 Qe2+ 30.Kg1 1-0

[Event "TCh-ISL Div 1 2015-16"]
[Site "Reykjavik ISL"]
[Date "2015.09.26"]
[Round "3.4"]
[White "Jensson, E"]
[Black "Bjornsson, T"]
[Result "0-1"]
[WhiteElo "2392"]
[BlackElo "2144"]
[EventDate "2015.09.24"]
[WhiteTitle "FM"]
[BlackTitle "FM"]
[WhiteTeam "Huginn Chess Club b-team"]
[BlackTeam "Fjolnir Chess Club"]
[WhiteFideId "2301067"]
[BlackFideId "2300303"]

1.e4 e5 2.Nf3 Nc6 3.Bc4 Be7 4.d4 d6 5.h3 Nf6 6.Nc3 O-O 7.Be3 a6 8.d5 Na5 
9.Be2 c5 10.a4 Bd7 11.O-O Ne8 12.Nd2 Bg5 13.f4 exf4 14.Bxf4 Bxf4 15.Rxf4 
c4 16.Kh1 b5 17.b4 cxb3 18.Nxb3 Nxb3 19.cxb3 b4 20.Nb1 Qg5 21.Qf1 Qe5 22.
Nd2 Qc3 23.Rd1 a5 24.Rf3 Qe5 25.Bd3 Nf6 26.Nc4 Qe7 27.Re3 Bc8 28.Qf4 Ra6 
29.e5 dxe5 30.Rxe5 Qd8 31.Qd4 Ne8 32.Rde1 Rh6 33.Nxa5 Nc7 34.Bf5 f6 35.d6 
fxe5 36.Qc4+ Ne6 37.Rxe5 Qxd6 38.Nc6 Bd7 39.Bxe6+ Rxe6 40.Rxe6 Qxe6 41.
Ne7+ Kh8 42.Qc5 Re8 43.Nd5 Qe1+ 44.Kh2 Qe5+ 45.Kh1 Be6 0-1

[Event "TCh-ISL Div 1 2015-16"]
[Site "Reykjavik ISL"]
[Date "2015.09.26"]
[Round "4.3"]
[White "Bjornsson, T"]
[Black "Sigurbjornsson, S"]
[Result "1-0"]
[WhiteElo "2144"]
[BlackElo "2035"]
[EventDate "2015.09.24"]
[WhiteTitle "FM"]
[WhiteTeam "Fjolnir Chess Club"]
[BlackTeam "Akureyri Chess Club b-team"]
[WhiteFideId "2300303"]
[BlackFideId "2302888"]

1.e4 e5 2.Nf3 Nc6 3.Bc4 Nf6 4.d4 exd4 5.e5 d5 6.Bb5 Ne4 7.Nxd4 Bd7 8.Bxc6 
bxc6 9.O-O Be7 10.f3 Nc5 11.f4 Ne4 12.Nd2 c5 13.Ne2 f5 14.Nxe4 dxe4 15.Be3
Be6 16.Qe1 Qb8 17.b3 c4 18.Nd4 Qc8 19.Qc3 Qa6 20.b4 Kf7 21.a4 c5 22.bxc5 
Bxc5 23.Nxf5 Bxf5 24.Bxc5 Rhc8 25.Bd6 Qc6 26.a5 Rd8 27.h3 Bc8 28.Qe3 Bb7 
29.f5 Kg8 30.f6 Rd7 31.Rf2 Rf7 32.fxg7 Rxg7 33.Raf1 Rg6 34.Rf6 Qd5 35.
Rxg6+ hxg6 36.Qh6 1-0

[Event "TCh-ISL Div 1 2015-16"]
[Site "Reykjavik ISL"]
[Date "2015.09.26"]
[Round "4.4"]
[White "Gunnarsson, J"]
[Black "Sigfusson, S"]
[Result "1-0"]
[WhiteElo "2458"]
[BlackElo "2334"]
[EventDate "2015.09.24"]
[WhiteTitle "IM"]
[BlackTitle "FM"]
[WhiteTeam "Reykjavik Chess Club a-team"]
[BlackTeam "Huginn Chess Club b-team"]
[WhiteFideId "2300931"]
[BlackFideId "2300168"]

1.e4 e5 2.Nf3 Nc6 3.Bc4 Nf6 4.d4 exd4 5.e5 d5 6.Bb5 Ne4 7.Nxd4 Bd7 8.Bxc6 
bxc6 9.O-O Bc5 10.Be3 Qe7 11.f3 Ng5 12.f4 Ne4 13.Nd2 O-O 14.Nxe4 dxe4 15.
Qe2 Kh8 16.Nb3 Bxe3+ 17.Qxe3 f5 18.Rad1 Be6 19.Qc5 Qe8 20.Nd4 Bd7 21.Rd2 
Qg6 22.Rfd1 1-0

[Event "TCh-ISL Div 2 2015-16"]
[Site "Reykjavik ISL"]
[Date "2015.09.25"]
[Round "1.3"]
[White "Sigurdsson, P"]
[Black "Sigurdsson, Smari"]
[Result "1-0"]
[WhiteElo "1923"]
[BlackElo "1887"]
[EventDate "2015.09.25"]
[WhiteTeam "Gardabaer Chess Club"]
[BlackTeam "Huginn Chess Club c-team"]
[WhiteFideId "2302144"]
[BlackFideId "2304210"]

1.e4 e5 2.Nf3 Nc6 3.Bc4 Bc5 4.c3 Nf6 5.d3 d6 6.Bb3 h6 7.Nbd2 O-O 8.Nf1 Ng4
9.Ne3 Nxe3 10.Bxe3 Bxe3 11.fxe3 Qe7 12.O-O Be6 13.Bc2 f5 14.exf5 Bxf5 15.
e4 Bg4 16.Qe2 Nd8 17.h3 Bh5 18.Qe3 Ne6 19.Bb3 Kh7 20.g3 Bf7 21.Rf2 Nc5 22.
Bc2 Be6 23.Kg2 Rf6 24.d4 Nd7 25.d5 Bf7 26.Raf1 b6 27.Nh4 g6 28.Ba4 Rxf2+ 
29.Qxf2 Rf8 30.Bxd7 Qxd7 31.Qf6 Qa4 32.Nxg6 Qxe4+ 33.Kh2 Qxg6 34.Qe7 Kg8 
35.Rf2 Re8 36.Qxc7 e4 37.Rf4 Re5 38.h4 Rxd5 39.Qc8+ Kh7 40.Qd7 Rf5 41.Rxf5
Kg7 42.Rf4 h5 43.Rf5 Qe6 44.Qxe6 Bxe6 45.Rxh5 Bxa2 46.Kg2 Be6 47.Kf2 Kf6 
48.Ke3 Bf7 49.Rh8 Bd5 50.g4 Bc6 51.Rh6+ Ke5 52.Rh7 a5 53.Ra7 Kf6 54.Ra6 
1-0

[Event "TCh-ISL Div 2 2015-16"]
[Site "Reykjavik ISL"]
[Date "2015.09.26"]
[Round "2.4"]
[White "Jonsson, Bjorn2"]
[Black "Saemundsson, B"]
[Result "1-0"]
[WhiteElo "1998"]
[BlackElo "1892"]
[EventDate "2015.09.25"]
[WhiteTeam "Reykjavik Chess Club c-team"]
[BlackTeam "Borgarnes Chess Club"]
[WhiteFideId "2305259"]
[BlackFideId "2302900"]

1.e4 e5 2.Nf3 Nc6 3.Bc4 Nf6 4.Ng5 d5 5.exd5 Na5 6.Bb5+ c6 7.dxc6 bxc6 8.
Be2 h6 9.Nf3 e4 10.Ne5 Qd4 11.f4 Bc5 12.Rf1 Qd8 13.c3 Nd5 14.Qa4 Qh4+ 15.
Kd1 Qd8 16.d4 exd3 17.Bxd3 Bf5 18.Kc2 Bxd3+ 19.Nxd3 Be7 20.b4 Qd6 21.Qxa5 
Rd8 22.Rd1 Qg6 23.Qxa7 O-O 24.Qf2 Bxb4 25.f5 Qd6 26.Qg3 Qf6 27.Nxb4 Nxb4+ 
28.cxb4 Qxf5+ 29.Rd3 Rd4 30.Bb2 Rg4 31.Qf3 Qg6 32.g3 Rd8 33.Nd2 Rxb4 34.
Bc3 Rb5 35.Ne4 Rdb8 36.Rad1 Qe6 37.Rd8+ Rxd8 38.Rxd8+ Kh7 39.Ra8 c5 40.Qd3
c4 41.Nf6# 1-0

[Event "TCh-ISL Div 2 2015-16"]
[Site "Reykjavik ISL"]
[Date "2015.09.26"]
[Round "3.1"]
[White "Saevaldsson, Kristinn Jon"]
[Black "Saemundsson, B"]
[Result "1/2-1/2"]
[WhiteElo "1977"]
[BlackElo "1892"]
[EventDate "2015.09.25"]
[WhiteTeam "Haukar Chess Club"]
[BlackTeam "Borgarnes Chess Club"]
[WhiteFideId "2311054"]
[BlackFideId "2302900"]

1.e4 e5 2.Nf3 Nc6 3.Bc4 Nf6 4.d3 Be7 5.Nc3 d6 6.h3 Be6 7.Bb3 Bxb3 8.axb3 
d5 9.exd5 Nxd5 10.Qe2 Nd4 11.Nxd4 exd4 12.Nxd5 Qxd5 13.O-O Qe6 14.Qf3 c6 
15.Bg5 f6 16.Rfe1 Qd7 17.Bd2 O-O 18.Qe4 Bc5 19.Qe6+ Qxe6 20.Rxe6 Rfe8 21.
Rxe8+ Rxe8 22.Be1 1/2-1/2

[Event "TCh-ISL Div 2 2015-16"]
[Site "Reykjavik ISL"]
[Date "2015.09.26"]
[Round "4.4"]
[White "Sigurdsson, P"]
[Black "Ontiveros, John"]
[Result "1-0"]
[WhiteElo "1923"]
[BlackElo "1730"]
[EventDate "2015.09.25"]
[WhiteTeam "Gardabaer Chess Club"]
[BlackTeam "Borgarnes Chess Club"]
[WhiteFideId "2302144"]
[BlackFideId "2303981"]

1.e4 e5 2.Nf3 Nc6 3.Bc4 Be7 4.c3 Nf6 5.d3 d6 6.Bb3 O-O 7.Nbd2 Be6 8.Nf1 
Nd7 9.Ne3 Bxb3 10.Qxb3 Nc5 11.Qc2 Ne6 12.Nd5 f5 13.exf5 Rxf5 14.Nxe7+ Qxe7
15.d4 Rxf3 16.gxf3 exd4 17.Qe4 dxc3 18.bxc3 Qf6 19.O-O Ne5 20.f4 Ng6 21.f5
Ng5 22.Qd5+ Kh8 23.fxg6 Nf3+ 24.Kh1 Rf8 25.Qh5 h6 26.Bxh6 Kg8 27.Bf4 1-0

[Event "London Classic Open 2015"]
[Site "London ENG"]
[Date "2015.12.07"]
[Round "5.64"]
[White "Obioma Onuoha"]
[Black "Grigoryan, Meri"]
[Result "0-1"]
[WhiteElo "2165"]
[BlackElo "1983"]
[EventDate "2015.12.04"]
[BlackTitle "WFM"]
[WhiteFideId "8505837"]
[BlackFideId "13300571"]

1.e4 e5 2.Nf3 Nc6 3.Bc4 Bc5 4.c3 Nf6 5.d3 d6 6.b4 Bb6 7.a4 a5 8.b5 Ne7 9.
O-O O-O 10.Bg5 Ng6 11.Nh4 Nf4 12.Nf5 d5 13.Bb3 dxe4 14.Bxf6 Qxf6 15.dxe4 
Bxf5 16.exf5 Qxf5 17.g3 Rad8 18.Qf3 Rd3 19.Qxb7 Nh3+ 20.Kg2 Nxf2 21.Rxf2 
Qxf2+ 22.Kh3 Qf1+ 23.Kg4 h5+ 24.Kh4 Be3 25.Qe4 g5+ 26.Kxh5 Qh3+ 0-1

[Event "London Classic Open 2015"]
[Site "London ENG"]
[Date "2015.12.08"]
[Round "6.7"]
[White "Hawkins, Jo"]
[Black "Hebden, M"]
[Result "1/2-1/2"]
[WhiteElo "2569"]
[BlackElo "2469"]
[EventDate "2015.12.04"]
[WhiteTitle "GM"]
[BlackTitle "GM"]
[WhiteFideId "412686"]
[BlackFideId "400084"]

1.e4 e5 2.Nf3 Nc6 3.Bc4 Nf6 4.d3 Be7 5.O-O O-O 6.Re1 d6 7.a4 h6 8.a5 Rb8 
9.c3 a6 10.h3 Be6 11.Nbd2 Nh7 12.Qb3 Bxc4 13.Qxc4 Ng5 14.d4 exd4 15.Nxd4 
Nxd4 16.Qxd4 Bf6 17.Qd3 Re8 18.Nb3 Ne6 1/2-1/2

[Event "London Classic Open 2015"]
[Site "London ENG"]
[Date "2015.12.08"]
[Round "6.101"]
[White "Shah, Dipak K"]
[Black "Ettu, Kore"]
[Result "1/2-1/2"]
[WhiteElo "1837"]
[BlackElo "1816"]
[EventDate "2015.12.04"]
[WhiteFideId "425842"]
[BlackFideId "439932"]

1.e4 e5 2.Nf3 Nc6 3.Bc4 Be7 4.d3 Nf6 5.h3 d6 6.Be3 a6 7.Nbd2 Na5 8.Bb3 
Nxb3 9.axb3 O-O 10.Nf1 Ne8 11.Ng3 g6 12.Nh2 f5 13.Bh6 Ng7 14.exf5 Bxf5 15.
Nxf5 Rxf5 16.Qd2 Bg5 17.Bxg5 Qxg5 18.Qxg5 Rxg5 19.g4 e4 20.dxe4 Re5 21.f3 
d5 22.O-O-O dxe4 23.fxe4 Rxe4 24.Rd7 Ne6 25.Rf1 Re2 26.Rf6 Rf8 27.Rxf8+ 
Nxf8 28.Rd2 Re1+ 29.Rd1 Re3 30.Rd3 Rxd3 31.cxd3 Ne6 32.Kd2 c5 33.Nf3 Kg7 
34.Ke3 Kf6 35.h4 g5 36.h5 h6 37.Ke4 Nf4 38.d4 cxd4 39.Nxd4 Nh3 40.Kf3 Nf4 
41.Ke4 Nh3 42.Ke3 Nf4 43.Ke4 1/2-1/2